Wavelets and subbands : (Record no. 592649)
[ view plain ]
| 000 -LEADER | |
|---|---|
| fixed length control field | 01224cam a22003134a 4500 |
| 001 - CONTROL NUMBER | |
| control field | 12312144 |
| 003 - CONTROL NUMBER IDENTIFIER | |
| control field | NUST |
| 005 - DATE AND TIME OF LATEST TRANSACTION | |
| control field | 20221212110811.0 |
| 008 - FIXED-LENGTH DATA ELEMENTS--GENERAL INFORMATION | |
| fixed length control field | 010216s2002 maua b 001 0 eng |
| 010 ## - LIBRARY OF CONGRESS CONTROL NUMBER | |
| LC control number | 2001025371 |
| 020 ## - INTERNATIONAL STANDARD BOOK NUMBER | |
| International Standard Book Number | 081764136X (alk. paper) |
| 040 ## - CATALOGING SOURCE | |
| Original cataloging agency | DLC |
| Transcribing agency | DLC |
| Modifying agency | DLC |
| 042 ## - AUTHENTICATION CODE | |
| Authentication code | pcc |
| 082 00 - DEWEY DECIMAL CLASSIFICATION NUMBER | |
| Classification number | 621.3822,ABB |
| 100 1# - MAIN ENTRY--PERSONAL NAME | |
| Personal name | Abbate, Agostino. |
| 9 (RLIN) | 104626 |
| 245 10 - TITLE STATEMENT | |
| Title | Wavelets and subbands : |
| Remainder of title | fundamentals and applications : with 234 figures / |
| Statement of responsibility, etc. | Agostino Abbate, Casimer M. DeCusatis, Pankaj K. Das. |
| 260 ## - PUBLICATION, DISTRIBUTION, ETC. | |
| Place of publication, distribution, etc. | Boston : |
| Name of publisher, distributor, etc. | Birkhaüser, |
| Date of publication, distribution, etc. | c2002. |
| 300 ## - PHYSICAL DESCRIPTION | |
| Extent | xvii, 551 p. : |
| Other physical details | ill. ; |
| Dimensions | 24 cm. |
| 440 #0 - SERIES STATEMENT/ADDED ENTRY--TITLE | |
| Title | Applied and numerical harmonic analysis |
| 9 (RLIN) | 96042 |
| 505 ## - FORMATTED CONTENTS NOTE | |
| Formatted contents note | Part I. Fundamentals (Page-13), Part II. Wavelets and subbands (Pge-101), Part III. Applications (Page-385), |
| 650 #0 - SUBJECT ADDED ENTRY--TOPICAL TERM | |
| Topical term or geographic name entry element | Signal processing. |
| 650 #0 - SUBJECT ADDED ENTRY--TOPICAL TERM | |
| Topical term or geographic name entry element | Wavelets (Mathematics) |
| 9 (RLIN) | 10608 |
| 650 #0 - SUBJECT ADDED ENTRY--TOPICAL TERM | |
| Topical term or geographic name entry element | Frequency spectra. |
| 9 (RLIN) | 97651 |
| 700 1# - ADDED ENTRY--PERSONAL NAME | |
| Personal name | DeCusatis, Casimer. |
| 9 (RLIN) | 104627 |
| 700 1# - ADDED ENTRY--PERSONAL NAME | |
| Personal name | Das, Pankaj K., |
| Dates associated with a name | 1937- |
| 9 (RLIN) | 104628 |
| 856 41 - ELECTRONIC LOCATION AND ACCESS | |
| Materials specified | Table of contents |
| Uniform Resource Identifier | <a href="http://www.loc.gov/catdir/toc/fy032/2001025371.html">http://www.loc.gov/catdir/toc/fy032/2001025371.html</a> |
| 856 42 - ELECTRONIC LOCATION AND ACCESS | |
| Materials specified | Publisher description |
| Uniform Resource Identifier | <a href="http://www.loc.gov/catdir/enhancements/fy0812/2001025371-d.html">http://www.loc.gov/catdir/enhancements/fy0812/2001025371-d.html</a> |
| 942 ## - ADDED ENTRY ELEMENTS (KOHA) | |
| Source of classification or shelving scheme | |
| Koha item type | Book |
| Withdrawn status | Lost status | Source of classification or shelving scheme | Damaged status | Not for loan | Permanent Location | Current Location | Shelving location | Date acquired | Total Checkouts | Full call number | Barcode | Date last seen | Price effective from | Koha item type | Public note |
|---|---|---|---|---|---|---|---|---|---|---|---|---|---|---|---|
| Military College of Signals (MCS) | Military College of Signals (MCS) | General Stacks | 12/12/2022 | 621.3822,ABB | MCS33222 | 12/12/2022 | 12/12/2022 | Book | Almirah No.36, Shelf No.2 |
